Antonín Martin Lublinský

Titel: Antonín Martin Lublinský : 1636 - 1690 / Milan Togner
Verfasser:
Beteiligt:
Veröffentlicht: Olomouc : Univ. Palackého, 2004
Umfang: 319 S. : zahlr. Ill.
Format: Buch
Sprache: Tschechisch
Schlagworte:
ISBN: 8024407566
Buchumschlag
X
Lokale Klassifikation: 2 L 1431 ; 23 9 F
alg: 17897985
001A    $03004:22-06-06 
001B    $01999:26-05-23 $t21:23:42.000 
001D    $03004:22-06-06 
001U    $0utf8 
001X    $00 
002@    $0Aau 
003@    $0178979856 
003O    $085129806 $aOCoLC 
004A    $080-244-0756-6 
007A    $0178979856 $aHEB 
007G    $0DE020FFA3891A7B36E1BDC1257C7E002E8F7A 
007T    $0Herdpp085658 
009P    $qapplication/pdf $A2 $3Inhaltsverzeichnis $uhttp://scans.hebis.de/HEBCGI/show.pl?17897985_toc.pdf $mV:DE-603;B:DE-Mb50 
010@    $acze 
011@    $a2004 
021A    $aAntonín Martin Lublinský $d1636 - 1690 $hMilan Togner 
028A    $7129291706 $8Togner, Milan$Z1938-2011 [Tp1] $9123053862 
028C    $BIll. $#Lublinsky, Anton Martin $#Lublinský, Antonín Martin $#Lublinský, A. M. $#Lublinský, Martin Antonín $#Lublinský, M. A. $#Lublinsky, Martin Anton $7121083322 $8Lublinski, Martin Anton$Z1636-1690 [Tp1] $9088027503 
033A    $pOlomouc $nUniv. Palackého 
034D    $a319 S. 
034M    $azahlr. Ill. 
037A    $aZsfassung in  dt. und engl. Sprache 
039U    $8--Aox--Černý, Pavel. Togner, Milan, 1938-2011. Antonín Martin Lublinský. - Olomouc : Univ. Palackého. -  2004 [Rezension], 2006 $9395197880 
039U    $8--Aox--Zelenková, Petra. Togner, Milan, 1938-2011. Antonín Martin Lublinský. - Olomouc : Univ. Palackého. -  2004 [Rezension], 2005 $9395207436 
039U    $8--Aox--Togner, Milan. Togner, Milan, 1938-2011. Antonín Martin Lublinský. - Olomouc : Univ. Palackého. -  2004 [Rezension], 2005 $9395217660 
039U    $8--Aox--Lisická, Helena. Togner, Milan, 1938-2011. Antonín Martin Lublinský. - Olomouc : Univ. Palackého. -  2004 [Rezension], 2005 $9395220181 
044K    $#Lublinsky, Anton Martin $#Lublinský, Antonín Martin $#Lublinský, A. M. $#Lublinský, Martin Antonín $#Lublinský, M. A. $#Lublinsky, Martin Anton $7121083322 $8Lublinski, Martin Anton$Z1636-1690 [Tp1] $9088027503 
045F    $a709.4371 $eDDC23BSB 
045F/01 $a709 
045F/03 $g4371 
045G    $a929.094371 $eDDC23BSB 
045G/01 $a929 
045G/03 $g4371 

lok: 17897985 24
101B    $008-09-06 $t11:20:58.000 
101C    $008-09-06 
145Z/01 $a2 L 1431 
145Z/02 $a23 9 F 
101U    $0utf8 

exp: 17897985 24 1 #EPN
201B/01 $011-04-12 $t14:42:40.000 
201C/01 $022-06-06 
201U/01 $0utf8 
203@/01 $0410428086 
208@/01 $a08-09-06 $bz 
209A/01 $a06.3344 $du $f050 $h06 3344 $x00 
209C/01 $a06.3344 K $h06 3344 K 
209G/01 $a70655187 $x00 
220C/01 $akon 
244Z/01 $#Lublinsky, Anton Martin $#Lublinský, Antonín Martin $#Lublinský, A. M. $#Lublinský, Martin Antonín $#Lublinský, M. A. $#Lublinsky, Martin Anton $7121083322 $8--Tp1--Lublinski, Martin Anton$Z1636-1690 $x01 $9088027503 
247C/01 $8358050-7 Marburg, Bibliothek des Herder-Instituts Marburg $9102600961 

lok: 17897985 78

exp: 17897985 78 1 #EPN
201B/01 $006-12-25 $t19:02:33.000 
201U/01 $0utf8 
203@/01 $079209090X 
208@/01 $a12-11-16 $be 
209A/01 $a/ $f000 $x00 
209A/01 $ab*p $x01 
220C/01 $aTitelaufnehmer: rb 
220C/01 $aHerkunft: HÚ AV ČR Praha 
220C/01 $apgar 
237A/01 $aangl. res., něm. res. 309-320: Antonín Martin Lublinský (1636-1690). - weiterführende Signatur(en): HI 06.3344 
244Z/01 $#Böhmische Kronländer $#Länder der Böhmischen Krone $#Sudetenland $#Böhmen $#Mähren $#Mährisch-Schlesien $#Österreichisch-Schlesien $#Tschechische Sozialistische Republik Böhmische Länder $#Tschechei Böhmische Länder $#Země koruny české $74069573-6 $8--Tg1--Böhmische Länder $x01 $9085195553 
244Z/01 $#Schlesien $#Schlesien $#Herzogtum Schlesien $#Herzogtum Schlesien Schlesien $#Provinz Schlesien $#Śla̜sk $#Slezsko $#Silesia $74052678-1 $8--Tg1--Schlesien $x02 $9085146781 
244Z/01 $#Olmüz $#Olomouc Olmütz $74075643-9 $8--Tg1--Olmütz $x03 $9085213993 
244Z/01 $aGeschichte 1636-1690 $x04 
244Z/01 $2Trx $#Lublinský, Antonín Martin $8--Trx--Lublinský, Anton Martin$Z1636-1690 $x05 $9390776734 
244Z/01 $2Trx $#maalrid $#dailininkai $#painters artists $#festö $#malarze artyści $#maliari $#malíři $8--Trx--Maler$gKünstler $x06 $9391383302 
244Z/01 $2Trx $#maalikunst $#tapyba $#Painting $#festészet $#malarstwo $#maliarstvo $#malířství $8--Trx--Malerei $x07 $9391366467 
244Z/01 $2Trx $8--Trx--Monographie $x08 $9391384546 
245Z/01 $a12.03 $x01 
247C/01 $82080>Marburg/Lahn, Herder-Institut, Forschungsbibliothek, Bibliographieportal $9336309341
LEADER 00000cam a2200000 c 4500
001 178979856
003 DE-603
005 20230526212342.0
007 tu
008 060622s2004 xx |||| | u00||u|cze c
020 |a 8024407566 
035 |a (DE-599)HEB178979856 
035 |a (OCoLC)85129806 
040 |a DE-603  |b ger  |c DE-603  |d DE-603 
041 |a cze 
082 0 4 |8 1\u  |a 709.4371  |q DE-101  |2 23/BSB 
083 0 |8 2\u  |a 929.094371  |q DE-101  |2 23/BSB 
085 |8 1\u  |b 709 
085 |8 1\u  |z 2  |s 4371 
085 |8 2\u  |b 929 
085 |8 2\u  |z 2  |s 4371 
100 1 |a Togner, Milan  |d 1938-2011  |0 (DE-603)123053862  |0 (DE-588)129291706  |2 gnd 
245 0 0 |a Antonín Martin Lublinský  |b 1636 - 1690  |c Milan Togner 
264 1 |a Olomouc  |b Univ. Palackého  |c 2004 
300 |a 319 S.  |b zahlr. Ill. 
500 |a Zsfassung in dt. und engl. Sprache 
600 1 7 |a Lublinski, Martin Anton  |d 1636-1690  |0 (DE-588)121083322  |0 (DE-603)088027503  |2 gnd 
700 1 |a Lublinski, Martin Anton  |d 1636-1690  |e Ill.  |4 ill  |0 (DE-603)088027503  |0 (DE-588)121083322  |2 gnd 
787 0 8 |i Rezensiert in  |a Černý, Pavel  |t Togner, Milan, 1938-2011. Antonín Martin Lublinský. - Olomouc : Univ. Palackého. - 2004 [Rezension]  |w (DE-603)395197880 
787 0 8 |i Rezensiert in  |a Zelenková, Petra  |t Togner, Milan, 1938-2011. Antonín Martin Lublinský. - Olomouc : Univ. Palackého. - 2004 [Rezension]  |w (DE-603)395207436 
787 0 8 |i Rezensiert in  |a Togner, Milan  |t Togner, Milan, 1938-2011. Antonín Martin Lublinský. - Olomouc : Univ. Palackého. - 2004 [Rezension]  |w (DE-603)395217660 
787 0 8 |i Rezensiert in  |a Lisická, Helena  |t Togner, Milan, 1938-2011. Antonín Martin Lublinský. - Olomouc : Univ. Palackého. - 2004 [Rezension]  |w (DE-603)395220181 
856 4 2 |m V:DE-603;B:DE-Mb50  |q application/pdf  |u http://scans.hebis.de/HEBCGI/show.pl?17897985_toc.pdf  |3 Inhaltsverzeichnis 
924 0 |9 Mb 50  |a (DE-603)410428086  |b DE-Mb50  |c HES  |d c  |g 06.3344 
924 0 |9 2080  |a (DE-603)79209090X  |b DE-2080  |c HES  |d d  |g /